<?xml version="1.0" encoding="UTF-8"?>
<record
    xmlns:xsi="http://www.w3.org/2001/XMLSchema-instance"
    xsi:schemaLocation="http://www.loc.gov/MARC21/slim http://www.loc.gov/standards/marcxml/schema/MARC21slim.xsd"
    xmlns="http://www.loc.gov/MARC21/slim">

  <leader>03305nam a2200349 i 4500</leader>
  <controlfield tag="003">DO-SdBNP</controlfield>
  <controlfield tag="005">20240815121623.0</controlfield>
  <controlfield tag="007">ta</controlfield>
  <controlfield tag="008">240808s2001    sp abc   e    000 0 spa d</controlfield>
  <datafield tag="020" ind1=" " ind2=" ">
    <subfield code="a">8489898502 (colecci&#xF3;n completa)</subfield>
  </datafield>
  <datafield tag="020" ind1=" " ind2=" ">
    <subfield code="a">8489898707 (actualizaci&#xF3;n 2001)</subfield>
  </datafield>
  <datafield tag="040" ind1=" " ind2=" ">
    <subfield code="a">DO-SdBNP</subfield>
    <subfield code="b">spa</subfield>
    <subfield code="c">BNPHU</subfield>
    <subfield code="e">rda</subfield>
  </datafield>
  <datafield tag="082" ind1=" " ind2="4">
    <subfield code="a">036.1</subfield>
    <subfield code="b">L332 2001</subfield>
    <subfield code="2">22</subfield>
  </datafield>
  <datafield tag="245" ind1="0" ind2="0">
    <subfield code="a">Larousse 2000 :</subfield>
    <subfield code="b">actualizaci&#xF3;n 2001 /</subfield>
    <subfield code="c">direcci&#xF3;n N&#xFA;ria Lucena Cayuela ; edici&#xF3;n Jordi Indur&#xE1;in Pons, Emili L&#xF3;pez Tossas ; redacci&#xF3;n Olga Ferrani I Andreu, M. &#xC1;ngels Casanovas Freixas, Fina Oliu Cuc&#xF3;</subfield>
  </datafield>
  <datafield tag="264" ind1=" " ind2="1">
    <subfield code="a">Barcelona, Espa&#xF1;a :</subfield>
    <subfield code="b">Planeta,</subfield>
    <subfield code="b">Tem&#xE1;ticos Larousse,</subfield>
    <subfield code="c">2001.</subfield>
  </datafield>
  <datafield tag="300" ind1=" " ind2=" ">
    <subfield code="a">344 p&#xE1;ginas :</subfield>
    <subfield code="b">ilustraciones, mapas, retratos ;</subfield>
    <subfield code="c">30 cm.</subfield>
  </datafield>
  <datafield tag="336" ind1=" " ind2=" ">
    <subfield code="2">rdacontent</subfield>
    <subfield code="a">texto</subfield>
    <subfield code="b">txt</subfield>
  </datafield>
  <datafield tag="337" ind1=" " ind2=" ">
    <subfield code="2">rdamedia</subfield>
    <subfield code="a">sin mediaci&#xF3;n</subfield>
    <subfield code="b">n</subfield>
  </datafield>
  <datafield tag="338" ind1=" " ind2=" ">
    <subfield code="2">rdacarrier</subfield>
    <subfield code="a">volumen</subfield>
    <subfield code="b">nc</subfield>
  </datafield>
  <datafield tag="500" ind1=" " ind2=" ">
    <subfield code="a">Incluye &#xED;ndice onom&#xE1;stico. </subfield>
  </datafield>
  <datafield tag="505" ind1="0" ind2=" ">
    <subfield code="t">Preliminares --</subfield>
    <subfield code="t">Im&#xE1;genes del a&#xF1;o  --</subfield>
    <subfield code="g">Panorama Internacional -- </subfield>
    <subfield code="t">Internacional: resumen del a&#xF1;o.  -- </subfield>
    <subfield code="t">Presidenciales norteamericanas: cara a cara entre Bush y Gore -- </subfield>
    <subfield code="t">La ca&#xED;da de Milosevic --</subfield>
    <subfield code="t">Palestina: fracaso negociador y nueva intifada -- </subfield>
    <subfield code="t">Rusia: el estado no existe, pero vigila -- </subfield>
    <subfield code="t">Per&#xFA;: la luz al final del t&#xFA;nel -- </subfield>
    <subfield code="t">El fin de la supremac&#xED;a del P.R.I. en M&#xE9;xico -- </subfield>
    <subfield code="t">La ultraderecha en Austria: el renacer de un fantasma -- </subfield>
    <subfield code="g">Espa&#xF1;a --</subfield>
    <subfield code="t">El a&#xF1;o pol&#xED;tico --</subfield>
    <subfield code="t">La evoluci&#xF3;n econ&#xF3;mica --</subfield>
    <subfield code="t">Las elecciones legislativas del 2000 --</subfield>
    <subfield code="g">Econom&#xED;a --</subfield>
    <subfield code="t">La debilidad del euro frente al d&#xF3;lar --</subfield>
    <subfield code="t">La nueva econom&#xED;a; perdiendo el adjetivo --</subfield>
    <subfield code="t">Microsoft: monopolio y desarrollo tecnol&#xF3;gico -- </subfield>
    <subfield code="g">Cultura --</subfield>
    <subfield code="t">El a&#xF1;o literario --</subfield>
    <subfield code="t">El mundo del arte --</subfield>
    <subfield code="t">M&#xFA;sica --</subfield>
    <subfield code="t">Teatro y danza --</subfield>
    <subfield code="t">El cine en el mundo en 2000 --  </subfield>
    <subfield code="g">Sociedad -- </subfield>
    <subfield code="t">La inmigraci&#xF3;n  --</subfield>
    <subfield code="g">Ciencia y t&#xE9;cnica -- </subfield>
    <subfield code="t">El proyecto genoma humano --</subfield>
    <subfield code="t">La estaci&#xF3;n espacial internacional --</subfield>
    <subfield code="t">Buscadores y portales en la red --</subfield>
    <subfield code="g">Medio ambiente -- </subfield>
    <subfield code="t">Resumen medioambiental del a&#xF1;o --</subfield>
    <subfield code="g">Deportes -- </subfield>
    <subfield code="t">Resumen deportivo del a&#xF1;o --</subfield>
    <subfield code="t">Los juegos ol&#xED;mpicos de Sydney --</subfield>
    <subfield code="g">Personajes del a&#xF1;o -- </subfield>
    <subfield code="t">Protagonistas -- </subfield>
    <subfield code="t">Obituario -- </subfield>
    <subfield code="g">Efem&#xE9;rides -- </subfield>
    <subfield code="t">V centenario del nacimiento del emperador Carlos V --</subfield>
    <subfield code="t">400 aniversario del nacimiento de Calder&#xF3;n de la Barca --</subfield>
    <subfield code="t">250 aniversario de la muerte de Bach --</subfield>
    <subfield code="t">Centenario del nacimiento de Bu&#xF1;uel -- </subfield>
    <subfield code="t">Centenario del nacimiento de Mar&#xED;a Moliner --</subfield>
    <subfield code="t">Centenario de la muerte de Nietzsche --</subfield>
    <subfield code="t">50 aniversario del Talgo --</subfield>
    <subfield code="t">50 aniversario de Seat --</subfield>
    <subfield code="t">25 aniversario de la coronaci&#xF3;n de Juan Carlos I --</subfield>
    <subfield code="t">Otras conmemoraciones --</subfield>
    <subfield code="g">Premios -- </subfield>
    <subfield code="t">Arte --</subfield>
    <subfield code="t">Artes esc&#xE9;nicas --</subfield>
    <subfield code="t">Cine --</subfield>
    <subfield code="t">Literatura --</subfield>
    <subfield code="t">M&#xFA;sica --</subfield>
    <subfield code="t">Nacionales --</subfield>
    <subfield code="t">Nobel --</subfield>
    <subfield code="t">Ondas --</subfield>
    <subfield code="t">Praemium imperiale --</subfield>
    <subfield code="t">Pr&#xED;ncipe de Asturias --</subfield>
    <subfield code="t">Estad&#xED;sticas --</subfield>
    <subfield code="t">Pa&#xED;ses del mundo --</subfield>
    <subfield code="t">Suplemento enciclop&#xE9;dico --</subfield>
    <subfield code="t">&#xCD;ndice onom&#xE1;stico</subfield>
  </datafield>
  <datafield tag="590" ind1=" " ind2=" ">
    <subfield code="a">Inventariado, 2024/ YL</subfield>
  </datafield>
  <datafield tag="650" ind1=" " ind2="4">
    <subfield code="a">Diccionario Encicl&#xF3;pedico</subfield>
    <subfield code="9">86131</subfield>
  </datafield>
  <datafield tag="700" ind1="1" ind2=" ">
    <subfield code="a">Lucena Cayuela, N&#xFA;ria,</subfield>
    <subfield code="e">direcci&#xF3;n </subfield>
    <subfield code="9">86242</subfield>
  </datafield>
  <datafield tag="700" ind1="1" ind2=" ">
    <subfield code="a">Indur&#xE1;in Pons,  Jordi,</subfield>
    <subfield code="e">edici&#xF3;n </subfield>
    <subfield code="9">86243</subfield>
  </datafield>
  <datafield tag="700" ind1="1" ind2=" ">
    <subfield code="a">L&#xF3;pez Tossas, Emili,</subfield>
    <subfield code="e">edici&#xF3;n</subfield>
    <subfield code="9">86244</subfield>
  </datafield>
  <datafield tag="700" ind1="1" ind2=" ">
    <subfield code="a">Ferrani I Andreu, Olga,</subfield>
    <subfield code="e">redacci&#xF3;n</subfield>
    <subfield code="9">86245</subfield>
  </datafield>
  <datafield tag="700" ind1="1" ind2=" ">
    <subfield code="a">Casanovas Freixas, M. &#xC1;ngels </subfield>
    <subfield code="9">86246</subfield>
  </datafield>
  <datafield tag="700" ind1="1" ind2=" ">
    <subfield code="a">Oliu Cuc&#xF3;,  Fina </subfield>
    <subfield code="e">redacci&#xF3;n</subfield>
    <subfield code="9">86247</subfield>
  </datafield>
  <datafield tag="910" ind1=" " ind2=" ">
    <subfield code="a">YLockward. Validado control de calidad/MAA</subfield>
  </datafield>
  <datafield tag="942" ind1=" " ind2=" ">
    <subfield code="2">ddc</subfield>
    <subfield code="c">LBS1</subfield>
  </datafield>
  <datafield tag="952" ind1=" " ind2=" ">
    <subfield code="0">0</subfield>
    <subfield code="1">0</subfield>
    <subfield code="2">ddc</subfield>
    <subfield code="5">6</subfield>
    <subfield code="7">0</subfield>
    <subfield code="8">GR-R</subfield>
    <subfield code="a">BNPHU</subfield>
    <subfield code="b">BNPHU</subfield>
    <subfield code="c">HD</subfield>
    <subfield code="d">2024-08-08</subfield>
    <subfield code="e">Donado por Fundi</subfield>
    <subfield code="l">0</subfield>
    <subfield code="o">BNPHU R-GR 036.1 L332 2001</subfield>
    <subfield code="p">2024-4711</subfield>
    <subfield code="r">2024-08-08</subfield>
    <subfield code="w">2024-08-08</subfield>
    <subfield code="y">LBS1</subfield>
  </datafield>
  <datafield tag="999" ind1=" " ind2=" ">
    <subfield code="c">57389</subfield>
    <subfield code="d">57389</subfield>
  </datafield>
</record>
